शिकारी का शिकंजा तथा अन्य कहॉनियॉ (Record no. 1000640)

MARC details
000 -LEADER
fixed length control field 00439nam a2200133Ia 4500
008 - FIXED-LENGTH DATA ELEMENTS--GENERAL INFORMATION
fixed length control field 151001s9999||||xx |||||||||||||| ||und||
100 ## - MAIN ENTRY--PERSONAL NAME
Personal name मुकेश नादान
245 ## - TITLE STATEMENT
Title शिकारी का शिकंजा तथा अन्य कहॉनियॉ
250 ## - EDITION STATEMENT
Edition statement 1
260 ## - PUBLICATION, DISTRIBUTION, ETC. (IMPRINT)
Name of publisher, distributor, etc हार्दिक प्रकाशन नई दिल्ली
260 ## - PUBLICATION, DISTRIBUTION, ETC. (IMPRINT)
Date of publication, distribution, etc २०११
300 ## - PHYSICAL DESCRIPTION
Extent 75
365 ## - TRADE PRICE
Price amount 24

No items available.